Star Wars Characters by who they killed - Statistics

General Stats
  • This quiz has been taken 155 times
  • The average score is 9 of 17
Answer Stats
Hint Answer % Correct
Greedo Han Solo
98%
Darth Maul Obi Wan Kenobi
98%
Grand Moff Tarkin Luke Skywalker
86%
Jango Fett Mace Windu
83%
Darth Plagueis Palpatine
80%
Jabba the Hutt Leia Organa
67%
Commander Gree Yoda
67%
Cad Bane Boba Fett
63%
Admiral Trench Anakin Skywalker
55%
Admiral Ackbar Kylo Ren
41%
Morgan Elsbeth Ahsoka Tano
39%
Fives Commander Fox
38%
Pong Krell Dogma
35%
Lyra Erso Director Krennic
31%
Old Daka General Grievous
31%
Ziro the Hutt Sy Snootles
26%
Sun Fac Sev
6%
No matching quizzes found
Score Distribution
Percent of People with Each Score
Percentile by Number Answered
Your Score History
You have not taken this quiz